Word Ladder: Insulting Insults Quiz Stats

 Plays Quiz Updated Jun 28, 2015

Challenge
Share
Tweet
Embed
Score 0/44 Timer 04:00
1 Play Today
HINT WORD % Correct
____ Knight RisesDARK
95.3%
____ there, done thatBEEN
94.6%
Karate rank displayBELT
90.5%
Sprinter Usain ____BOLT
90%
Schoolyard challengeDARE
87.7%
Kind of chop or rindPORK
86.8%
Borscht basisBEET
86.7%
Chip's partnerDALE
86.3%
Central ____, 'Friends' coffee shopPERK
84.4%
⚔ INSULT ⚔⚔ DORK ⚔
83.4%
Take a quick lookPEEK
82.1%
Shut a door!SLAM
81.8%
Gibbs bros. band, Bee ____GEES
81.8%
Pineapple purveyorDOLE
79.5%
Hammer featurePEEN
78.9%
Bunch of bisonHERD
77.4%
⚔ INSULT ⚔⚔ DOLT ⚔
75.8%
Villain's nemesisHERO
75.4%
⚔ INSULT ⚔⚔ GEEK ⚔
74.9%
Lunch hourNOON
74.1%
Thick pieceSLAB
71.8%
Fiddling emperorNERO
71.5%
HINT WORD % Correct
Appear to beSEEM
67.9%
⚔ INSULT ⚔⚔ JERK ⚔
66.7%
Denim junctureSEAM
65.9%
Flim ____ ManFLAM
62.6%
⚔ INSULT ⚔⚔ NERD ⚔
60.8%
Colt or fillyFOAL
59.6%
____ to go (ready)GOOD
58.5%
Sudsy massFOAM
58.4%
VictualsFOOD
51.9%
⚔ INSULT ⚔⚔ FOOL ⚔
51.4%
Chevy modelsGEOS
51.3%
⚔ INSULT ⚔⚔ SLOB ⚔
50.3%
Listen toHEED
50.1%
Viscous substancesGOOS
48.7%
GermSEED
48.4%
Obese X-Men adversaryBLOB
40.2%
Fraud or deceptionSCAM
39.5%
⚔ INSULT ⚔⚔ BOOB ⚔
34.5%
⚔ INSULT ⚔⚔ NOOB ⚔
34.4%
Skyrim raceNORD
32.4%
Norse goddess of fateNORN
32.1%
⚔ INSULT ⚔⚔ SCUM ⚔
20.6%

Today's Daily Dose

You're not logged in!

Compare scores with friends on all Sporcle quizzes.
OR
Log In

You Might Also Like...

Show Comments

Extras

Top Quizzes Today


Score Distribution

Your Account Isn't Verified!

In order to create a playlist on Sporcle, you need to verify the email address you used during registration. Go to your Sporcle Settings to finish the process.

Report this User

Report this user for behavior that violates our Community Guidelines.

Details: